Psychodiagnostik (Record no. 114851)
[ view plain ]
| 000 -LEADER | |
|---|---|
| campo de control de longitud fija | 00719nam a2200205 i 4500 |
| 001 - NÚMERO DE CONTROL | |
| campo de control | 114851 |
| 003 - IDENTIFICADOR DE NÚMERO DE CONTROL | |
| campo de control | ES-MaACL |
| 007 - CAMPO FIJO DE DESCRIPCIÓN FÍSICA--INFORMACIÓN GENERAL | |
| campo de control de longitud fija | t| |
| 008 - DATOS DE LONGITUD FIJA--INFORMACIÓN GENERAL | |
| campo de control de longitud fija | 070404q19301949sz ||||1| ger d |
| 100 1# - ENTRADA PRINCIPAL--NOMBRE DE PERSONA | |
| Nombre de persona | Rorschach, Hermann. |
| 9 (RLIN) | 99559 |
| 245 10 - MENCIÓN DEL TÍTULO | |
| Título | Psychodiagnostik |
| Resto del título | : Methodik und Ergebnisse eines wahrnehmungsdiagnostischen Experiments / |
| Mención de responsabilidad, etc. | Hermann Rorschach ; [Hrsg.:] W. Morgenthaler. |
| 250 ## - MENCION DE EDICION | |
| Mención de edición | 5. Aufl. |
| 260 ## - PUBLICACIÓN, DISTRIBUCIÓN, ETC. | |
| Lugar de publicación, distribución, etc. | Bern : |
| Nombre del editor, distribuidor, etc. | Huber, |
| Fecha de publicación, distribución, etc. | [193-?] |
| 300 ## - DESCRIPCIÓN FÍSICA | |
| Extensión | 2 v. : |
| Otras características físicas | il. ; |
| Dimensiones | 25 cm. |
| 490 1# - MENCIÓN DE SERIE | |
| Mención de serie | Arbeiten zur Angewandten Psychiatrie ; |
| Designación de volumen o secuencia | 2 |
| 700 1# - ENTRADA AGREGADA--NOMBRE PERSONAL | |
| Nombre de persona | Morgenthaler, Walter. |
| 9 (RLIN) | 83536 |
| 830 0# - PUNTO DE ACCESO ADICIONAL DE SERIE-TÍTULO UNIFORME | |
| Título uniforme | Arbeiten zur Angewandten Psychiatrie ; |
| Designación de volumen o secuencia | 2 |
| 9 (RLIN) | 233262 |
| 852 ## - LOCALIZACIÓN | |
| Ubicación | ES-MaACL |
| Número de control de estantería | E-1727-28 |
| Sublocalización o colección | R.22596 |
| Estatus retirado | Estado de pérdida | Estado de daño | No para préstamo | Biblioteca de origen | Biblioteca actual | Ubicación en estantería | Fecha de adquisición | Fuente de adquisición | Total de préstamos | Signatura topográfica completa | Código de barras | Visto por última vez | Precio de reemplazo | Tipo de ítem Koha |
|---|---|---|---|---|---|---|---|---|---|---|---|---|---|---|
| Biblioteca del Ateneo de Madrid | Biblioteca del Ateneo de Madrid | Depósito 2 | 17/01/2008 | E-1727-28 | 1119767 | 23/02/2023 | 23/02/2023 | Libro impreso |
